Tự nhiên - xã hội và phương pháp dạy học tự nhiên - xã hội : Tài liệu đào tạo giáo viên tiểu học (trình độ cao đẳng và đại học sư phạm)

Bộ tài liệu gồm hai tập được phân chia thành hai môdun chính. Tập 1 Một số tri thức cơ bản về tự nhiên xã hội. Tập 2 phương pháp dạy học tự nhiên xã hội ở trường tiểu học. Tào liệu nhằm giúp sinh viên nắm được các thông tin cơ bả...

Ful tanımlama

Kaydedildi:
Detaylı Bibliyografya
Yazar: Lê, Văn Trưởng
Materyal Türü: Kitap
Dil:Undetermined
Baskı/Yayın Bilgisi: Hà Nội Giáo dục 2007
Konular:
Etiketler: Etiketle
Etiket eklenmemiş, İlk siz ekleyin!
Thư viện lưu trữ: Trung tâm Học liệu Trường Đại học Cần Thơ
LEADER 01362nam a2200229Ia 4500
001 CTU_129554
008 210402s9999 xx 000 0 und d
082 |a 372.8 
082 |b Tr561/T.2 
100 |a Lê, Văn Trưởng 
245 0 |a Tự nhiên - xã hội và phương pháp dạy học tự nhiên - xã hội : 
245 0 |b Tài liệu đào tạo giáo viên tiểu học (trình độ cao đẳng và đại học sư phạm) 
245 0 |c Lê Văn Trưởng 
260 |a Hà Nội 
260 |b Giáo dục 
260 |c 2007 
520 |a Bộ tài liệu gồm hai tập được phân chia thành hai môdun chính. Tập 1 Một số tri thức cơ bản về tự nhiên xã hội. Tập 2 phương pháp dạy học tự nhiên xã hội ở trường tiểu học. Tào liệu nhằm giúp sinh viên nắm được các thông tin cơ bản về môn học tự nhiên xã hội và gíap sinh viên tự tìm kiếm để hoàn thiện thông tin cơ bản quan tự học và tự nghiên cứu 
650 |a Teachers,Science 
650 |x Training of,Instruction and study 
650 |z Vietnam 
904 |i Huỳnh Mai, Năm 
980 |a Trung tâm Học liệu Trường Đại học Cần Thơ